[Event "Robecchetto op-B 25th"]
[Site "Robecchetto"]
[Date "2014.12.29"]
[Round "6"]
[White "Burani, Eugenio"]
[Black "Palminteri, Vincenzo"]
[Result "1/2-1/2"]
[WhiteElo "1837"]
[BlackElo "1776"]
[PlyCount "91"]
[EventDate "2014.12.26"]
[EventType "swiss"]
[EventRounds "6"]
[EventCountry "ITA"]
[SourceTitle "EXT 2017"]
[Source "ChessBase"]
[SourceDate "2016.10.25"]
[SourceVersion "1"]
[SourceVersionDate "2016.10.25"]
[SourceQuality "1"]

1. e4 Nf6 2. e5 Nd5 3. d4 d6 4. Nf3 Bg4 5. Be2 g6 6. exd6 cxd6 7. c4 Nb6 8. 0-0 Bg7 9. Be3 0-0 10. Nc3 Nc6 11. b3 e5 12. dxe5 dxe5 13. Rc1 Re8 14. h3 Bf5 15. g4 Be6 16. Nb5 Re7 17. Ng5 Rd7 18. Nxe6 fxe6 19. Qc2 Nd4 20. Bxd4 exd4 21. Bd3 a6 22. Na3 Rc8 23. Qe2 Qf6 24. Nb1 Re7 25. Nd2 Rf8 26. f4 Nd7 27. Ne4 Qh4 28. Kg2 Ref7 29. Ng5 Re7 30. Nxe6 Rfe8 31. f5 Nc5 32. Qf3 Nxe6 33. fxe6 Rxe6 34. Qf7+ Kh8 35. Rf3 R6e7 36. Qd5 Re5 37. Qd7 Qg5 38. Rcf1 R5e7 39. Qd5 Qxd5 40. cxd5 Rd7 41. Rf7 Ree7 42. Rxe7 Rxe7 43. Rf3 Kg8 44. a4 Re3 45. Rxe3 dxe3 46. Kf3 1/2-1/2

[Event "Robecchetto op-B 24th"]
[Site "Robecchetto"]
[Date "2013.12.28"]
[Round "2"]
[White "Giovarruscio, Gabriele"]
[Black "Palminteri, Vincenzo"]
[Result "0-1"]
[WhiteElo "1683"]
[BlackElo "1810"]
[PlyCount "70"]
[EventDate "2013.12.27"]
[EventType "swiss"]
[EventRounds "6"]
[EventCountry "ITA"]
[SourceTitle "EXT 2015"]
[Source "ChessBase"]
[SourceDate "2014.11.20"]
[SourceVersion "1"]
[SourceVersionDate "2014.11.20"]
[SourceQuality "1"]

1. d4 g6 2. c4 d6 3. g3 Bg7 4. Bg2 c5 5. d5 Nd7 6. Nf3 Ngf6 7. Nc3 0-0 8. 0-0 Nb6 9. Nd2 Nfd7 10. f4 e5 11. dxe6 fxe6 12. a4 a5 13. e4 Bd4+ 14. Kh1 Qf6 15. e5 dxe5 16. Nce4 Qe7 17. Ra2 exf4 18. gxf4 e5 19. b3 exf4 20. Qf3 Ne5 21. Qe2 Bg4 22. Nf3 Rae8 23. h3 Bxf3 24. Bxf3 Nxf3 25. Qxf3 Qxe4 26. Kh2 Qxf3 27. Rxf3 Be3 28. Bb2 Nd7 29. Bc3 b6 30. Rg2 Ne5 31. Bxe5 Rxe5 32. h4 Rd8 33. Kh3 Rd2 34. Rxd2 Bxd2 35. Rd3 Re3+ 0-1

[Event "Ceriano Laghetto op-B 20th"]
[Site "Ceriano Laghetto"]
[Date "2011.04.02"]
[Round "3"]
[White "Palminteri, Vincenzo"]
[Black "Coppola, Federico"]
[Result "0-1"]
[WhiteElo "1898"]
[BlackElo "1749"]
[PlyCount "80"]
[EventDate "2011.04.01"]
[EventType "swiss"]
[EventRounds "5"]
[EventCountry "ITA"]
[SourceTitle "EXT 2023"]
[Source "ChessBase"]
[SourceDate "2022.10.05"]
[SourceVersion "1"]
[SourceVersionDate "2022.10.05"]
[SourceQuality "1"]

1. e4 c5 2. c3 Nf6 3. e5 Nd5 4. Bc4 Nb6 5. Bb3 Nc6 6. d4 cxd4 7. cxd4 d5 8. Nf3 Bf5 9. 0-0 Rc8 10. Nc3 a6 11. a3 e6 12. Be3 Nc4 13. Bxc4 dxc4 14. Qd2 Na5 15. Rad1 Nb3 16. Qe2 Bd3 17. Rxd3 cxd3 18. Qxd3 Qc7 19. Rd1 Bxa3 20. Ne4 Bxb2 21. Nd6+ Ke7 22. Qxb3 Qc2 23. Nxc8+ Rxc8 24. Qxc2 Rxc2 25. Rb1 Bc3 26. Rxb7+ Ke8 27. Ng5 a5 28. Nxf7 Bxd4 29. Nd6+ Kf8 30. Bg5 Rb2 31. Rxb2 Bxb2 32. Nc4 a4 33. Nxb2 a3 34. Nd3 a2 35. h4 a1Q+ 36. Kh2 Qd4 37. Nc1 Qxf2 38. Nd3 Qd4 39. Nc1 h6 40. Ne2 Qxe5+ 0-1

[Event "Ceriano Laghetto op-B 19th"]
[Site "Ceriano Laghetto"]
[Date "2010.03.??"]
[Round "5"]
[White "Palminteri, Vincenzo"]
[Black "Guzzetti, Luigi Enrico"]
[Result "1-0"]
[WhiteElo "1872"]
[BlackElo "1879"]
[PlyCount "99"]
[EventDate "2010.03.??"]
[EventType "swiss"]
[EventRounds "5"]
[EventCountry "ITA"]
[SourceTitle "EXT 2024"]
[Source "ChessBase"]
[SourceDate "2023.10.10"]
[SourceVersion "1"]
[SourceVersionDate "2023.10.10"]
[SourceQuality "1"]

1. e4 c5 2. c3 e6 3. d4 d5 4. e5 Nc6 5. Nf3 Qb6 6. Be2 Bd7 7. 0-0 cxd4 8. cxd4 Nge7 9. Nc3 Nf5 10. Na4 Qc7 11. a3 Be7 12. Be3 0-0 13. Rc1 Qa5 14. b4 Nxb4 15. axb4 Bxa4 16. bxa5 Bxd1 17. Rfxd1 Ba3 18. Rc7 b6 19. a6 Rfc8 20. Rxc8+ Rxc8 21. Bd2 h6 22. Rb1 g5 23. g4 Ne7 24. Rb3 Bc1 25. Rc3 Rxc3 26. Bxc3 Ba3 27. Ne1 Ng6 28. Nd3 Nf4 29. Nxf4 gxf4 30. Kg2 Kg7 31. Kf3 Bc1 32. h4 f6 33. Bb5 Kf7 34. Ke2 Ba3 35. Bd2 Bb2 36. Kd3 fxe5 37. Bc3 e4+ 38. Kc2 Ba3 39. Bb2 Bd6 40. Kb3 e5 41. Bc3 exd4 42. Bxd4 Bc7 43. Kc3 Ke6 44. h5 Bd8 45. Kd2 Kd6 46. g5 Bxg5 47. Bxb6 e3+ 48. fxe3 fxe3+ 49. Ke2 Ke5 50. Bxa7 1-0